[Event "Wch U20"]
[Site "Mamaia"]
[Date "1991.??.??"]
[Round "?"]
[White "Masserey, Yvan"]
[Black "Ong Chong-Ghee"]
[Result "1-0"]
[WhiteElo "2235"]
[BlackElo "2240"]
[PlyCount "53"]
[EventDate "1991.08.??"]
[Source "www.chesslib.no"]
[SourceDate "2004.05.04"]

1. e4 e5 2. f4 d5 3. exd5 c6 4. Nc3 exf4 5. Nf3 Bd6 6. Bc4 Ne7 7. O-O O-O 8. dxc6 Nbxc6 9. d4 Bg4 10. Ne4 Bc7 11. c3 Ng6 12. h3 Bh5 13. Qd3 Na5 14. Bb5 a6 15. Ba4 b5 16. Bc2 Qd5 17. b3 Rad8 18. Ba3 Rfe8 19. Rae1 Qa8 20. Nh4 Nc6 21. Nf5 Nce5 22. Qd2 Qc6 23. Qf2 Bb6 24. Nc5 Nd7 25. Rxe8+ Rxe8 26. g4 fxg3 27. Nxg3 1-0

[Event "Belgian Interteams"]
[Site "?"]
[Date "2000.??.??"]
[Round "?"]
[White "Van Herck, M."]
[Black "Van Schaardenburg, M."]
[Result "0-1"]
[WhiteElo "2205"]
[BlackElo "2265"]
[PlyCount "43"]
[EventDate "2000.??.??"]
[Source "www.chesslib.no"]
[SourceDate "2004.05.04"]

1. e4 e5 2. f4 d5 3. exd5 c6 4. Nc3 exf4 5. Nf3 Bd6 6. d4 Ne7 7. dxc6 Nbxc6 8. Bc4 O-O 9. O-O Bg4 10. Ne2 Ng6 11. Bb3 Qf6 12. c3 Rae8 13. Kh1 Bxf3 14. Rxf3 Nh4 15. Rf2 g5 16. Ng1 Qh6 17. Bd2 Nf5 18. Nh3 Qh4 19. Be1 Ne3 20. Qd2 Qh6 21. Re2 g4 22. Nxf4 0-1

[Event "BESANCON-ROUEN N1 R10"]
[Site "?"]
[Date "1994.??.??"]
[Round "?"]
[White "Sermier"]
[Black "Bersoult"]
[Result "1-0"]
[WhiteElo "2295"]
[BlackElo "2175"]
[PlyCount "75"]
[EventDate "1994.??.??"]
[Source "www.chesslib.no"]
[SourceDate "2004.05.04"]

1. e4 e5 2. f4 d5 3. exd5 c6 4. Nc3 exf4 5. Nf3 Bd6 6. d4 Ne7 7. dxc6 Nbxc6 8. Bc4 O-O 9. O-O Bg4 10. Ne4 Bc7 11. c3 Nd5 12. Nc5 Rb8 13. Nd3 Ne3 14. Bxe3 fxe3 15. Qe1 Qe7 16. Nc5 Bxf3 17. Rxf3 Rbe8 18. Qe2 Qd6 19. g3 Na5 20. Bb5 Re7 21. Rxe3 Rxe3 22. Qxe3 b6 23. Nb3 Nc6 24. Re1 h5 25. Qf3 Ne7 26. Qxh5 Nd5 27. Qe2 Qg6 28. Bd3 Qg5 29. Qe4 Nf6 30. Qf5 Qh6 31. Kg2 g5 32. Rf1 Kg7 33. Nd2 g4 34. Ne4 Qh3+ 35. Kg1 Nxe4 36. Bxe4 Bxg3 37. hxg3 Qxg3+ 38. Bg2 1-0